جدید اردو انشایہ / (Record no. 109329)

MARC details
000 -LEADER
fixed length control field 00760nam a22002417a 4500
005 - DATE AND TIME OF LATEST TRANSACTION
control field 20200603112329.0
010 ## - LCCN (DPL NO)
LC control number A-794511
020 ## - INTERNATIONAL STANDARD BOOK NUMBER
Terms of availability 85.00
035 ## - SYSTEM CONTROL NUMBER
System control number A-794511
037 ## - SOURCE OF ACQUISITION
Source of stock number/acquisition Cen Lib/Ret
082 ## - DEWEY DECIMAL CLASSIFICATION NUMBER
Classification number 844
Item number ا ک ب
245 ## - TITLE STATEMENT
Title جدید اردو انشایہ /
Statement of responsibility, etc مرتب اکبر حمیدی
246 ## - VARYING FORM OF TITLE
Title proper/short title Jadeed urdu inshaiya /
Remainder of title edited by Akbar Hamidi
260 ## - PUBLICATION, DISTRIBUTION, ETC. (IMPRINT)
Place of publication, distribution, etc اسلاما باد
Name of publisher, distributor, etc اکادمی ادبیات پاکستان
Date of publication, distribution, etc 1991 ء
270 ## - ADDRESS
City اسلاما باد
300 ## - PHYSICAL DESCRIPTION
Extent 208p.
Dimensions 20cm(Hb)
650 ## - SUBJECT ADDED ENTRY--TOPICAL TERM
Topical term or geographic name as entry element اردو ادب
General subdivision
Geographic subdivision
650 ## - SUBJECT ADDED ENTRY--TOPICAL TERM
Topical term or geographic name as entry element اردو مضامین
Form subdivision
650 ## - SUBJECT ADDED ENTRY--TOPICAL TERM
Topical term or geographic name as entry element Urdu adab
650 ## - SUBJECT ADDED ENTRY--TOPICAL TERM
Topical term or geographic name as entry element Urdu Mazamin
700 ## - ADDED ENTRY--PERSONAL NAME
Personal name حمیدی، اکبر
9 (RLIN) 137369
942 ## - ADDED ENTRY ELEMENTS (KOHA)
Source of classification or shelving scheme Dewey Decimal Classification
Item type Urdu Bks
Classification part 844
Call number suffix ا ک ب
Holdings
Withdrawn status Lost status Not for loan Home library Current library Date acquired Source of acquisition Cost, normal purchase price Full call number Barcode Copy number Cost, replacement price Koha item type
      Central Library Central Library 04/03/2016 Cen Lib/Ref 85.00 844 ا ک ب A-794511 1 85.00 Urdu Bks

© Delhi Public Library
Hit Counter
free hit counter